[Event "Jean-Pierre-Roy mem"]
[Site "Hull CAN"]
[Date "2002.09.24"]
[Round "3"]
[White "Thomann, Olivier"]
[Black "Brousseau, Yvan"]
[Result "0-1"]
[WhiteElo "1842"]
[BlackElo "1916"]
[PlyCount "110"]
[EventDate "2002.09.10"]
[EventType "tourn"]
[EventRounds "5"]
[EventCountry "CAN"]

1. e4 e5 2. Nf3 Nc6 3. Bb5 Bc5 4. c3 d6 5. h3 Qe7 6. O-O Bd7 7. d4 Bb6 8. Re1
O-O-O 9. a4 a6 10. Bf1 Qf8 11. d5 Nce7 12. b4 f5 13. b5 a5 14. Bd3 fxe4 15.
Bxe4 Nf6 16. Bg5 Nxe4 17. Rxe4 h6 18. Be3 Bxe3 19. Rxe3 b6 20. Nbd2 Nxd5 21.
Rd3 Nf4 22. Re3 g5 23. Ne4 g4 24. hxg4 Bxg4 25. g3 Nh3+ 26. Kg2 d5 27. Qd3 Nf4+
28. gxf4 exf4 29. Ree1 dxe4 30. Qxe4 Bxf3+ 31. Kxf3 Kb8 32. Rad1 Qc5 33. Qe5
Qc4 34. Rxd8+ Rxd8 35. Qxf4 Qxc3+ 36. Re3 Qg7 37. Ke2 Rf8 38. Qh4 Qb2+ 39. Kf1
Qb1+ 40. Kg2 Qf5 41. Qg3 Qd5+ 42. Kh2 Rg8 43. Qf3 Qxf3 44. Rxf3 Rg4 45. Ra3 Kc8
46. Kh3 Rd4 47. Kg3 Kd7 48. f4 h5 49. Kh4 Rxf4+ 50. Kxh5 Kd6 51. Kg5 Rc4 52.
Kf5 Kc5 53. Ke5 Kb4 54. Ra1 Kb3 55. Kd5 Rxa4 0-1

[Event "Jean-Pierre-Roy mem"]
[Site "Hull CAN"]
[Date "2002.10.01"]
[Round "4"]
[White "Brousseau, Yvan"]
[Black "Lavergne, Daniel"]
[Result "1-0"]
[WhiteElo "1916"]
[BlackElo "1854"]
[PlyCount "95"]
[EventDate "2002.09.10"]
[EventType "tourn"]
[EventRounds "5"]
[EventCountry "CAN"]

1. d4 Nf6 2. c4 c5 3. d5 Ne4 4. Qc2 Nd6 5. Bf4 g6 6. Be5 Rg8 7. Nf3 Na6 8. a3
f6 9. Bf4 e5 10. dxe6 dxe6 11. e4 e5 12. Be3 Qa5+ 13. Nc3 Bd7 14. Rd1 b5 15.
cxb5 Nxb5 16. Rxd7 Nxc3 17. Qxc3 Qxc3+ 18. bxc3 Kxd7 19. Bxa6 Be7 20. O-O Rab8
21. Rd1+ Kc6 22. a4 Rgd8 23. Rc1 Rb2 24. g3 Kb6 25. Bc4 Ka5 26. Ne1 Rdb8 27.
Nd3 Rb1 28. Rxb1 Rxb1+ 29. Kg2 Kxa4 30. Bxc5 Bxc5 31. Nxc5+ Ka3 32. Ba6 Rb6 33.
Be2 Rc6 34. Nd7 Rxc3 35. Nxf6 h5 36. Nd7 a5 37. Nxe5 a4 38. Nxg6 Kb2 39. Ne5 a3
40. Nc4+ Kc1 41. Nxa3 Rxa3 42. Bxh5 Kd2 43. e5 Ra5 44. f4 Ke3 45. Bg6 Ra2+ 46.
Kh3 Ra5 47. Kg4 Ra2 48. e6 1-0

[Event "Jean-Pierre-Roy mem"]
[Site "Hull CAN"]
[Date "2002.10.01"]
[Round "4"]
[White "Laurin, Marcel"]
[Black "Groleau, Gilles"]
[Result "0-1"]
[WhiteElo "1766"]
[BlackElo "2125"]
[PlyCount "70"]
[EventDate "2002.09.10"]
[EventType "tourn"]
[EventRounds "5"]
[EventCountry "CAN"]

1. d4 Nf6 2. c4 e6 3. a3 d5 4. Nc3 Be7 5. Bf4 O-O 6. f3 c5 7. dxc5 Bxc5 8. b4
Bxg1 9. Bxb8 Rxb8 10. Rxg1 a6 11. cxd5 exd5 12. Qd4 Be6 13. e3 b5 14. Kf2 Qb6
15. Qh4 Rfe8 16. Bd3 Bf5 17. Bxf5 Qxe3+ 18. Kg3 Qxc3 19. Kh3 Qe5 20. g4 Qf4 21.
Rae1 Rxe1 22. Qxe1 Re8 23. Qc3 Qd6 24. Re1 Rxe1 25. Qxe1 g6 26. Bc8 Qc6 27. Qe5
Qxc8 28. Qxf6 Qe6 29. Qd4 h5 30. Kh4 hxg4 31. Qxg4 Qxg4+ 32. Kxg4 Kg7 33. Kf4
Kf6 34. Ke3 Ke5 35. f4+ Kf5 0-1

[Event "Jean-Pierre-Roy mem"]
[Site "Hull CAN"]
[Date "2002.10.01"]
[Round "4"]
[White "Thomann, Olivier"]
[Black "Laurin, Jacques"]
[Result "0-1"]
[WhiteElo "1842"]
[BlackElo "1909"]
[PlyCount "80"]
[EventDate "2002.09.10"]
[EventType "tourn"]
[EventRounds "5"]
[EventCountry "CAN"]

1. e4 c5 2. Nc3 Nc6 3. f4 g6 4. Nf3 Bg7 5. g3 d6 6. Bg2 Rb8 7. O-O b5 8. d3 b4
9. Nd5 e6 10. Ne3 Nge7 11. g4 d5 12. e5 Ba6 13. Re1 Nd4 14. Nf1 Nec6 15. c3
Nxf3+ 16. Qxf3 O-O 17. Rd1 f6 18. exf6 Rxf6 19. Qe3 Qd6 20. d4 cxd4 21. cxd4
Rbf8 22. Qg3 Qb8 23. Be3 Qb6 24. Rac1 R6f7 25. f5 Nxd4 26. Bxd4 Bxd4+ 27. Kh1
gxf5 28. gxf5+ Rg7 29. Qe1 Bxf1 30. Qxf1 Rxf5 31. Rc8+ Kf7 32. Qd3 Rf2 33. Bh3
Be5 34. Rf1 Ke7 35. Rc2 Rxf1+ 36. Qxf1 Qe3 37. Re2 Rg1+ 38. Qxg1 Qxe2 39. Qxa7+
Kf6 40. Qg1 Qxb2 0-1

[Event "Jean-Pierre-Roy mem"]
[Site "Hull CAN"]
[Date "2002.10.01"]
[Round "5"]
[White "Groleau, Gilles"]
[Black "Thomann, Olivier"]
[Result "1-0"]
[WhiteElo "2125"]
[BlackElo "1842"]
[PlyCount "55"]
[EventDate "2002.09.10"]
[EventType "tourn"]
[EventRounds "5"]
[EventCountry "CAN"]

1. e4 e5 2. Nf3 Nc6 3. Bb5 a6 4. Ba4 Nf6 5. Qe2 Bc5 6. Bxc6 dxc6 7. Nxe5 Qd4 8.
Nd3 Bb6 9. f3 O-O 10. Nf2 Be6 11. O-O c5 12. c3 Qe5 13. d3 Qh5 14. Be3 c6 15.
Nd2 Bc7 16. g3 b6 17. Rfe1 Rfe8 18. Nf1 Rad8 19. b3 a5 20. d4 cxd4 21. Bxd4 Nd7
22. f4 Qh6 23. Qf3 f5 24. c4 fxe4 25. Nxe4 Rf8 26. Nf2 c5 27. Bb2 Qg6 28. Qc6
1-0

[Event "Jean-Pierre-Roy mem"]
[Site "Hull CAN"]
[Date "2002.10.08"]
[Round "5"]
[White "Laurin, Jacques"]
[Black "Brousseau, Yvan"]
[Result "1/2-1/2"]
[WhiteElo "1909"]
[BlackElo "1916"]
[PlyCount "88"]
[EventDate "2002.09.10"]
[EventType "tourn"]
[EventRounds "5"]
[EventCountry "CAN"]

1. c4 e5 2. Nc3 Nf6 3. g3 Be7 4. Bg2 O-O 5. e3 d6 6. Nge2 c6 7. Qc2 Be6 8. b3
Na6 9. a3 g6 10. d4 Rc8 11. O-O Nh5 12. Rd1 Bf5 13. e4 Bd7 14. dxe5 dxe5 15.
Bh3 Nc5 16. b4 Ne6 17. Bh6 Nhg7 18. Rd2 Qc7 19. f4 Nd4 20. Nxd4 Bxh3 21. fxe5
Qxe5 22. Bf4 Qh5 23. Rad1 Ne6 24. Nxe6 Bxe6 25. c5 Bg4 26. Re1 Bg5 27. Rf2 Bxf4
28. Rxf4 Be6 29. e5 Kg7 30. Qf2 Bf5 31. Ne4 Bxe4 32. Rexe4 Qd1+ 33. Re1 Qd5 34.
Rd4 Qe6 35. Rd6 Qe7 36. Qd4 Rc7 37. e6+ Kg8 38. Rd7 Rxd7 39. Qxd7 Qe8 40. Qxb7
fxe6 41. Qc7 Qf7 42. Qe5 Qf2+ 43. Kh1 Qf3+ 44. Kg1 Qf2+ 1/2-1/2

[Event "Jean-Pierre-Roy mem"]
[Site "Hull CAN"]
[Date "2002.10.01"]
[Round "5"]
[White "Lavergne, Daniel"]
[Black "Laurin, Marcel"]
[Result "1-0"]
[WhiteElo "1854"]
[BlackElo "1766"]
[PlyCount "43"]
[EventDate "2002.09.10"]
[EventType "tourn"]
[EventRounds "5"]
[EventCountry "CAN"]

1. Nf3 d5 2. c4 d4 3. e3 Bg4 4. Qb3 Bxf3 5. gxf3 dxe3 6. fxe3 e6 7. h4 Be7 8.
Qxb7 Bxh4+ 9. Rxh4 Qxh4+ 10. Kd1 Nd7 11. Qxa8+ Ke7 12. Be2 h5 13. b3 Qf6 14.
Ba3+ c5 15. Nc3 Rh6 16. Qxa7 Qf5 17. Ne4 Rg6 18. Bxc5+ Kd8 19. Qa8+ Kc7 20.
Bd6+ Kb6 21. c5+ Nxc5 22. Bxc5+ 1-0

[Event "Jean-Pierre-Roy mem B"]
[Site "Hull CAN"]
[Date "2002.09.17"]
[Round "2"]
[White "Arseneau, Peter"]
[Black "Lacourse, Guy"]
[Result "0-1"]
[WhiteElo "1764"]
[BlackElo "1623"]
[PlyCount "78"]
[EventDate "2002.09.10"]
[EventType "swiss"]
[EventRounds "5"]
[EventCountry "CAN"]

1. e4 c5 2. Nf3 d6 3. d4 cxd4 4. Nxd4 Nf6 5. Nc3 a6 6. Bg5 e6 7. f4 Be7 8. Qf3
Qc7 9. O-O-O Nbd7 10. g4 b5 11. Bxf6 Bxf6 12. Bxb5 Bxd4 13. Rxd4 axb5 14. Nxb5
Qb6 15. Nxd6+ Ke7 16. Rhd1 Rxa2 17. Qc3 Ra1+ 18. Kd2 Rxd1+ 19. Kxd1 Ba6 20. e5
Rd8 21. b4 f6 22. Qe3 fxe5 23. fxe5 h6 24. g5 Nxe5 25. Nf5+ exf5 26. Qxe5+ Kf8
27. c3 Rxd4+ 28. cxd4 hxg5 29. Qxf5+ Qf6 30. Qe4 Qf1+ 31. Kd2 Qf4+ 32. Qe3
Qxh2+ 33. Kc3 Qf4 34. Qh3 Qc1+ 35. Kb3 Bc4+ 36. Ka4 Qa1+ 37. Qa3 Bb5+ 38. Kb3
Qxa3+ 39. Kxa3 g4 0-1

[Event "Jean-Pierre-Roy mem B"]
[Site "Hull CAN"]
[Date "2002.09.17"]
[Round "2"]
[White "Mai, Lloyd"]
[Black "Thibault, Mario"]
[Result "1-0"]
[WhiteElo "1464"]
[BlackElo "1692"]
[PlyCount "67"]
[EventDate "2002.09.10"]
[EventType "swiss"]
[EventRounds "5"]
[EventCountry "CAN"]

1. e4 c6 2. d4 d5 3. exd5 cxd5 4. Nf3 Nc6 5. Bb5 a6 6. Bxc6+ bxc6 7. Ne5 Bb7 8.
O-O Nf6 9. Nc3 h6 10. f4 e6 11. Re1 Be7 12. Qf3 O-O 13. Qg3 Kh8 14. Bd2 Nd7 15.
Re3 Nxe5 16. fxe5 c5 17. Ne2 cxd4 18. Nxd4 Bc5 19. c3 a5 20. Kh1 Qb6 21. b3
Rfe8 22. Qg4 Ba6 23. Rg3 Rg8 24. Qh4 Bf8 25. Re1 Qd8 26. Qf4 Qd7 27. Ree3 Qc7
28. Ref3 Qe7 29. Rh3 Qe8 30. Rfg3 Qe7 31. Qg4 g6 32. Bxh6 Bxh6 33. Rxh6+ Kg7
34. Rxg6+ 1-0

[Event "Jean-Pierre-Roy mem B"]
[Site "Hull CAN"]
[Date "2002.09.17"]
[Round "2"]
[White "Rose, Richard"]
[Black "Dallaire, Dominic"]
[Result "1-0"]
[WhiteElo "1725"]
[BlackElo "1621"]
[PlyCount "49"]
[EventDate "2002.09.10"]
[EventType "swiss"]
[EventRounds "5"]
[EventCountry "CAN"]

1. e4 c5 2. Nf3 d6 3. d4 cxd4 4. Nxd4 Nf6 5. Nc3 g6 6. Be3 Bg7 7. Be2 Nc6 8. f3
O-O 9. Qd2 Bd7 10. g4 Rc8 11. h4 Qa5 12. h5 Nxd4 13. Bxd4 Qb4 14. hxg6 fxg6 15.
O-O-O Qa5 16. g5 Rxc3 17. Qxc3 Qxg5+ 18. Kb1 Rc8 19. Qb3+ Kh8 20. Rdg1 Qd2 21.
Bxf6 Bxf6 22. Bd3 Rc6 23. Rxh7+ Kxh7 24. Qf7+ Bg7 25. Qxg6+ 1-0

[Event "Jean-Pierre-Roy mem B"]
[Site "Hull CAN"]
[Date "2002.09.24"]
[Round "3"]
[White "Lacourse, Guy"]
[Black "Rose, Richard"]
[Result "1/2-1/2"]
[WhiteElo "1623"]
[BlackElo "1725"]
[PlyCount "88"]
[EventDate "2002.09.10"]
[EventType "swiss"]
[EventRounds "5"]
[EventCountry "CAN"]

1. d4 Nf6 2. Nf3 d5 3. c4 e6 4. Bg5 Be7 5. e3 Nbd7 6. Nc3 c6 7. Rc1 h6 8. Bxf6
Bxf6 9. cxd5 exd5 10. Bd3 O-O 11. b4 b5 12. a4 a6 13. Nd2 Nb6 14. Nb3 Re8 15.
O-O Nc4 16. Bb1 Na3 17. Bd3 Be7 18. Na5 Bxb4 19. Nxc6 Qd6 20. Nxb4 Qxb4 21.
axb5 Qd6 22. Qb3 Be6 23. bxa6 Nc4 24. Nb5 Qb6 25. Bxc4 dxc4 26. Qb4 Reb8 27.
Rb1 Rxa6 28. Nc7 Qxb4 29. Rxb4 Rxb4 30. Nxa6 Rb2 31. Nc5 c3 32. Na4 Rc2 33. Rb1
Bb3 34. Nxc3 Rxc3 35. h4 Rd3 36. Rb2 Kh7 37. Kf1 Kg6 38. Ke2 Bc4 39. Kf3 Bd5+
40. Kf4 Rb3 41. Rc2 Kf6 42. Kg3 Rb1 43. f3 Rb3 44. Kf2 Ra3 1/2-1/2

[Event "Jean-Pierre-Roy mem B"]
[Site "Hull CAN"]
[Date "2002.10.01"]
[Round "4"]
[White "Lacourse, Guy"]
[Black "Papineau, Andre"]
[Result "0-1"]
[WhiteElo "1623"]
[BlackElo "1696"]
[PlyCount "98"]
[EventDate "2002.09.10"]
[EventType "swiss"]
[EventRounds "5"]
[EventCountry "CAN"]

1. d4 Nf6 2. c4 c5 3. Nf3 cxd4 4. Nxd4 Nc6 5. Nc3 d5 6. cxd5 Nxd5 7. Ndb5 Nxc3
8. Qxd8+ Kxd8 9. Nxc3 Nb4 10. Rb1 e5 11. a3 Nc2+ 12. Kd1 Nd4 13. e4 Bg4+ 14. f3
Bh5 15. Bc4 Rc8 16. Bd5 b6 17. Rf1 Bxa3 18. Ra1 Bc5 19. Rxa7 Rc7 20. Ra8+ Rc8
21. Ra7 Rc7 22. Bb7 Kd7 23. Nd5 Nb5 24. Nxc7 Kxc7 25. Ra8 Bf8 26. Bd5 f6 27. g4
Bg6 28. Bd2 h5 29. h3 hxg4 30. hxg4 Nd6 31. Ra7+ Kb8 32. Ra6 Kc7 33. Be3 Be8
34. Bxb6+ Kc8 35. Ra8+ Kd7 36. Ra7+ Kc8 37. Be6+ Kb8 38. Rc7 Ba4+ 39. b3 Bb5
40. Rf2 Rh1+ 41. Kd2 Ba6 42. Rc1 Rh8 43. Bc7+ Kb7 44. Bd5+ Ka7 45. Ra1 Nb5 46.
Ba5 Bc5 47. Rg2 Nd4 48. Bc4 Bxc4 49. bxc4 Nb3+ 0-1

[Event "Jeudi 2002.10.03"]
[Site "Montreal CAN"]
[Date "2002.10.03"]
[Round "1"]
[White "Bolduc, Steve"]
[Black "Gauthier, Luc"]
[Result "1-0"]
[WhiteElo "2268"]
[BlackElo "1708"]
[PlyCount "53"]
[EventDate "2002.10.03"]
[EventType "swiss"]
[EventRounds "3"]
[EventCountry "CAN"]

1. Nf3 Nf6 2. d4 d5 3. c4 e6 4. Nc3 Be7 5. Bg5 O-O 6. e3 h6 7. Bh4 Ne4 8. Bxe7
Qxe7 9. Qc2 Nxc3 10. Qxc3 c6 11. Bd3 Nd7 12. O-O Re8 13. Ne5 Nf6 14. Rad1 Bd7
15. c5 Ne4 16. Bxe4 dxe4 17. Qc2 f5 18. f3 exf3 19. Rxf3 Red8 20. g4 Be8 21.
gxf5 Bh5 22. f6 gxf6 23. Rg3+ Kh8 24. Ng6+ Bxg6 25. Qxg6 Rg8 26. Qxh6+ Qh7 27.
Qxf6+ 1-0

[Event "Jeudi 2002.10.03"]
[Site "Montreal CAN"]
[Date "2002.10.10"]
[Round "2"]
[White "Bolduc, Steve"]
[Black "Dominique, Vladimir"]
[Result "1-0"]
[WhiteElo "2268"]
[BlackElo "1838"]
[PlyCount "103"]
[EventDate "2002.10.03"]
[EventType "swiss"]
[EventRounds "3"]
[EventCountry "CAN"]

1. Nf3 d5 2. d4 Nc6 3. c4 Bg4 4. cxd5 Bxf3 5. gxf3 Qxd5 6. e3 e5 7. Nc3 Bb4 8.
a3 Bxc3+ 9. bxc3 exd4 10. cxd4 Nge7 11. Bd3 O-O-O 12. Rb1 Rhe8 13. Rb5 Qd6 14.
O-O a6 15. Rb1 Nxd4 16. exd4 Qxd4 17. Qb3 Qxd3 18. Qxb7+ Kd7 19. Bf4 Qg6+ 20.
Bg3 Qc6 21. Rbd1+ Ke6 22. Rfe1+ Kf6 23. Qb2+ Kg6 24. Rxd8 Rxd8 25. Rxe7 Rd1+
26. Kg2 Qc4 27. Qe2 Qxe2 28. Rxe2 c5 29. Rc2 Rd3 30. a4 Rd4 31. a5 c4 32. Be5
Rd5 33. Bc7 Rc5 34. Bb6 Rc6 35. f4 Kf5 36. Kf3 h5 37. h4 Rc8 38. Rc1 Rc6 39.
Bd4 f6 40. Bb6 Rc8 41. Ke3 Rc6 42. Kd4 Kxf4 43. Rxc4 Rxc4+ 44. Kxc4 g5 45. Kd5
Kg4 46. Kc6 Kxh4 47. Kb7 Kg4 48. Kxa6 h4 49. Kb5 h3 50. Bc7 Kf3 51. a6 Kxf2 52.
a7 1-0

[Event "Jeudi 2002.10.03"]
[Site "Montreal CAN"]
[Date "2002.10.17"]
[Round "3"]
[White "Mercier, Jean-Guy"]
[Black "Bolduc, Steve"]
[Result "0-1"]
[WhiteElo "1814"]
[BlackElo "2268"]
[PlyCount "84"]
[EventDate "2002.10.03"]
[EventType "swiss"]
[EventRounds "3"]
[EventCountry "CAN"]

1. d4 Nf6 2. c4 g6 3. Nc3 d5 4. cxd5 Nxd5 5. e4 Nxc3 6. bxc3 Bg7 7. Bc4 c5 8.
Ne2 O-O 9. O-O Nc6 10. Be3 Na5 11. Bd3 c4 12. Bc2 b6 13. Qd2 e6 14. Bh6 Bb7 15.
Bxg7 Kxg7 16. f4 f5 17. e5 Qd5 18. Ng3 b5 19. Bd1 Rfd8 20. Bf3 Qd7 21. Bxb7
Qxb7 22. Rab1 Nc6 23. Qe2 Qa6 24. Qf3 Rd5 25. h4 b4 26. h5 bxc3 27. Qxc3 Rxd4
28. Rf3 Rad8 29. Kh2 Rd3 30. Qe1 Rxf3 31. gxf3 Qxa2+ 32. Kh3 Qd2 33. Rb7+ Kg8
34. Qxd2 Rxd2 35. h6 Nd8 36. Rg7+ Kf8 37. Rxh7 Nf7 38. Rg7 c3 39. Rxg6 c2 40.
h7 c1=Q 41. Rg8+ Ke7 42. Rg7 Rd1 0-1

[Event "July TNT"]
[Site "Winnipeg CAN"]
[Date "2002.07.02"]
[Round "1"]
[White "Anderson, George"]
[Black "Nikouline, Alexandre"]
[Result "0-1"]
[WhiteElo "1429"]
[BlackElo "2112"]
[PlyCount "66"]
[EventDate "2002.07.02"]
[EventType "swiss"]
[EventRounds "4"]
[EventCountry "CAN"]

1. c4 e5 2. b3 Nc6 3. Bb2 Nf6 4. g3 Bc5 5. Bg2 d6 6. Nc3 O-O 7. Ne4 Nxe4 8.
Bxe4 Qf6 9. Nf3 Bh3 10. e3 Rad8 11. Rg1 Bg4 12. h3 Bf5 13. Bxf5 Qxf5 14. Nh4
Qd3 15. Qe2 Nb4 16. Qxd3 Nxd3+ 17. Ke2 Nxb2 18. Rab1 Ba3 19. f4 e4 20. g4 Nd3
21. g5 d5 22. f5 f6 23. Rg4 Ne5 24. Rg2 fxg5 25. Rxg5 Be7 26. Rh5 Bxh4 27. Rxh4
Nf3 28. Rh5 dxc4 29. d4 cxd3+ 30. Kd1 Rf6 31. Rc1 Ra6 32. a4 g6 33. Rh6 Kg7 0-1

[Event "July TNT"]
[Site "Winnipeg CAN"]
[Date "2002.07.02"]
[Round "1"]
[White "Gibbons, Lorne"]
[Black "Rutter, Blair"]
[Result "0-1"]
[WhiteElo "1215"]
[BlackElo "1604"]
[PlyCount "81"]
[EventDate "2002.07.02"]
[EventType "swiss"]
[EventRounds "4"]
[EventCountry "CAN"]

1. d4 d5 2. c4 c6 3. Nc3 Nf6 4. Bf4 Bf5 5. e3 e6 6. Bd3 Ne4 7. Bxe4 Bxe4 8.
Nxe4 dxe4 9. Qa4 Be7 10. Ne2 O-O 11. O-O Nd7 12. c5 Bg5 13. Bd6 Re8 14. b4 a6
15. Rfb1 f5 16. Qb3 Kh8 17. Nc3 Nb6 18. Be5 Nd5 19. b5 axb5 20. Nxb5 cxb5 21.
Qxb5 Re7 22. Rb3 h5 23. a4 Qe8 24. Qxe8+ Raxe8 25. Rab1 Bf6 26. Bd6 Rd7 27. Ra3
Ra8 28. Rb5 Bd8 29. g3 Kh7 30. a5 Kg6 31. h4 Kf7 32. Be5 Bf6 33. Bd6 Ke8 34.
Rb1 Bd8 35. Rb5 b6 36. Be5 Rxa5 37. Raxa5 bxa5 38. Rb8 Ra7 39. Rc8 a4 40. Rc6
Kf7 41. Rd6 0-1

[Event "July TNT"]
[Site "Winnipeg CAN"]
[Date "2002.07.02"]
[Round "1"]
[White "Greenberg, Harley"]
[Black "Semenko, Rita"]
[Result "1-0"]
[WhiteElo "1770"]
[BlackElo "1191"]
[PlyCount "53"]
[EventDate "2002.07.02"]
[EventType "swiss"]
[EventRounds "4"]
[EventCountry "CAN"]

1. Nf3 d6 2. d4 Nc6 3. g3 Nf6 4. Bg2 Bd7 5. c4 e5 6. d5 Na5 7. Qc2 c6 8. b4 e4
9. Ng5 h6 10. Nxe4 cxd5 11. Nec3 Nxc4 12. Nxd5 Rc8 13. Nbc3 Nxd5 14. Nxd5 Be6
15. O-O Bxd5 16. Bxd5 Nb6 17. Qe4+ Be7 18. Bb2 O-O 19. Bxb7 d5 20. Qg4 f6 21.
Bxc8 Nxc8 22. Rfd1 Nb6 23. Rac1 Qa8 24. Qe6+ Rf7 25. Rc7 Qe8 26. Bd4 Nc4 27.
Rc8 1-0

[Event "July TNT"]
[Site "Winnipeg CAN"]
[Date "2002.07.02"]
[Round "1"]
[White "Lange, John"]
[Black "Mu, Yuchen"]
[Result "0-1"]
[WhiteElo "1387"]
[BlackElo "1847"]
[PlyCount "70"]
[EventDate "2002.07.02"]
[EventType "swiss"]
[EventRounds "4"]
[EventCountry "CAN"]

1. e4 c5 2. Nf3 d6 3. Bc4 Nf6 4. Nc3 g6 5. e5 dxe5 6. Nxe5 e6 7. O-O Bg7 8. d3
Nbd7 9. Bb5 O-O 10. Nxd7 Bxd7 11. Bxd7 Qxd7 12. Ne4 Nxe4 13. dxe4 Rfd8 14. Bg5
Qxd1 15. Raxd1 Rd4 16. Rxd4 cxd4 17. Rd1 Rc8 18. c3 h6 19. Be7 dxc3 20. bxc3
Rxc3 21. Rd8+ Kh7 22. g3 Rc7 23. Bd6 Rc1+ 24. Kg2 Rd1 25. e5 Bxe5 26. Rd7 Rxd6
27. Rxf7+ Bg7 28. Rxb7 Ra6 29. Rc7 e5 30. f4 Rxa2+ 31. Kf3 exf4 32. gxf4 a5 33.
h4 a4 34. Kg4 a3 35. Ra7 Ra1 0-1

[Event "July TNT"]
[Site "Winnipeg CAN"]
[Date "2002.07.02"]
[Round "1"]
[White "Proulx, Roy"]
[Black "Ford, Dana"]
[Result "1-0"]
[WhiteElo "1723"]
[BlackElo "1235"]
[PlyCount "57"]
[EventDate "2002.07.02"]
[EventType "swiss"]
[EventRounds "4"]
[EventCountry "CAN"]

1. e4 c6 2. d4 d5 3. e5 Na6 4. Nf3 Bf5 5. Bd3 g6 6. Bxf5 gxf5 7. Nh4 e6 8. Qh5
Nb4 9. Na3 Qc7 10. O-O O-O-O 11. c3 Na6 12. b4 f6 13. Bf4 Bg7 14. exf6 Qxf4 15.
fxg7 Nf6 16. Qf7 Rhg8 17. Qxf6 Nc7 18. g3 Qd6 19. Rfe1 e5 20. Qxf5+ Qd7 21.
Qxd7+ Rxd7 22. dxe5 Rdxg7 23. f4 Ne6 24. Kf2 Rf7 25. Nf3 Nxf4 26. gxf4 Rxf4 27.
Nc2 Rgf8 28. Ncd4 Kd7 29. Rg1 1-0

[Event "July TNT"]
[Site "Winnipeg CAN"]
[Date "2002.07.02"]
[Round "1"]
[White "Schulz, Waldemar"]
[Black "Tetrault, Claude"]
[Result "0-1"]
[WhiteElo "2086"]
[BlackElo "1584"]
[PlyCount "128"]
[EventDate "2002.07.02"]
[EventType "swiss"]
[EventRounds "4"]
[EventCountry "CAN"]

1. d4 d5 2. c4 e6 3. g3 c5 4. Nf3 Nf6 5. Bg2 Nc6 6. O-O Be7 7. Nc3 O-O 8. dxc5
Bxc5 9. Bg5 dxc4 10. Qa4 Be7 11. Qxc4 Qc7 12. Nd4 Bd7 13. Rfd1 a6 14. Rac1 Rac8
15. Ne4 Nd5 16. Bxe7 Ndxe7 17. Nxc6 Bxc6 18. Nd6 Rb8 19. b3 Rfd8 20. Ne4 Rbc8
21. Rxd8+ Rxd8 22. Qc2 h6 23. Nd2 Qb6 24. Nc4 Qc5 25. Ne3 Qxc2 26. Rxc2 Rc8 27.
Bxc6 Rxc6 28. Rd2 Nd5 29. Nxd5 exd5 30. Kg2 Rd6 31. e4 d4 32. e5 Rd7 33. Kf3
Kf8 34. Ke4 Ke7 35. Rxd4 Rc7 36. Rd2 b5 37. f4 b4 38. Rd6 Rc2 39. Rxa6 Rxh2 40.
Ra7+ Ke8 41. Rb7 Rxa2 42. Rxb4 Rg2 43. Kf3 Rc2 44. Rc4 Rb2 45. Rc3 Ke7 46. Ke4
Re2+ 47. Kd5 g5 48. f5 Kd7 49. g4 Rd2+ 50. Ke4 Re2+ 51. Re3 Rg2 52. Kf3 Rd2 53.
Ke4 Rg2 54. e6+ fxe6 55. Kf3 Rb2 56. fxe6+ Ke7 57. Kg3 Rb1 58. Kg2 Rb2+ 59. Kf3
Rb1 60. Ke2 Rb2+ 61. Kd3 Rxb3+ 62. Ke4 Rxe3+ 63. Kxe3 Kxe6 64. Kf3 Kd5 0-1

[Event "July TNT"]
[Site "Winnipeg CAN"]
[Date "2002.07.02"]
[Round "1"]
[White "Vincent, Trevor"]
[Black "Hogeveen Rutter, Alexander"]
[Result "1-0"]
[WhiteElo "1848"]
[BlackElo "1416"]
[PlyCount "59"]
[EventDate "2002.07.02"]
[EventType "swiss"]
[EventRounds "4"]
[EventCountry "CAN"]

1. c4 e5 2. g3 Nc6 3. Bg2 Nf6 4. d3 d5 5. cxd5 Nxd5 6. Nf3 Bd6 7. O-O O-O 8.
Bd2 Re8 9. Nc3 Nf6 10. Ng5 Bd7 11. Nge4 Bb4 12. Nxf6+ Qxf6 13. Nd5 Qd6 14. Nxb4
Nxb4 15. Bxb7 Rab8 16. Bg2 Bg4 17. Bxb4 Qxb4 18. b3 Red8 19. Qc2 c5 20. h3 Bh5
21. g4 Bg6 22. Rac1 Rbc8 23. Qb2 f6 24. Rc4 Qa5 25. Rfc1 Rc7 26. b4 Qb6 27. Qc2
Qa6 28. Rxc5 Rxc5 29. bxc5 Bf7 30. c6 1-0

[Event "July TNT"]
[Site "Winnipeg CAN"]
[Date "2002.07.02"]
[Round "1"]
[White "Weijs, Harry"]
[Black "Czypinski, Jaroslaw"]
[Result "0-1"]
[WhiteElo "1532"]
[BlackElo "1935"]
[PlyCount "34"]
[EventDate "2002.07.02"]
[EventType "swiss"]
[EventRounds "4"]
[EventCountry "CAN"]

1. d4 d5 2. Bg5 Nf6 3. Nf3 e6 4. e3 c5 5. c3 Nc6 6. Bd3 cxd4 7. exd4 Be7 8.
Nbd2 h6 9. Bh4 Bd7 10. Qe2 Nh5 11. Bg3 Nxg3 12. hxg3 Qb6 13. b4 a6 14. Ne5 Nxe5
15. Qxe5 Bf6 16. Qh5 Rc8 17. Nb3 Rxc3 0-1

[Event "July TNT"]
[Site "Winnipeg CAN"]
[Date "2002.07.09"]
[Round "2"]
[White "Czypinski, Jaroslaw"]
[Black "Trueman, Francis"]
[Result "1-0"]
[WhiteElo "1935"]
[BlackElo "1491"]
[PlyCount "68"]
[EventDate "2002.07.02"]
[EventType "swiss"]
[EventRounds "4"]
[EventCountry "CAN"]

1. d4 Nf6 2. Nf3 d6 3. e3 g6 4. Bd3 Bg7 5. Nbd2 O-O 6. Qe2 Nbd7 7. O-O Re8 8.
Re1 e5 9. dxe5 dxe5 10. e4 Nf8 11. Nc4 Bg4 12. h3 Bxf3 13. Qxf3 h5 14. Be3 Ne6
15. Qg3 Nh7 16. Rad1 Bf6 17. Qf3 g5 18. Qxh5 Nf4 19. Qg4 Kh8 20. Be2 Nxe2+ 21.
Qxe2 Qe7 22. Rd3 Qe6 23. Rd5 b5 24. Rxb5 Red8 25. b3 Rg8 26. Qg4 Qe7 27. Rd1
Rad8 28. Rbd5 Rxd5 29. Rxd5 Qb4 30. Bd2 Qb7 31. Rd7 Kg7 32. Qe6 Rf8 33. Nd6 Qb8
34. Nxf7 Kg6 1-0

[Event "July TNT"]
[Site "Winnipeg CAN"]
[Date "2002.07.09"]
[Round "2"]
[White "Ford, Dana"]
[Black "Gibbons, Lorne"]
[Result "0-1"]
[WhiteElo "1235"]
[BlackElo "1215"]
[PlyCount "90"]
[EventDate "2002.07.02"]
[EventType "swiss"]
[EventRounds "4"]
[EventCountry "CAN"]

1. d4 d5 2. Nf3 e6 3. e3 Nc6 4. Bd3 g6 5. b3 Bg7 6. Bb2 Nge7 7. Nbd2 Bd7 8. O-O
O-O 9. a3 Nc8 10. c4 dxc4 11. Nxc4 a6 12. Qc2 b5 13. Nce5 Nxe5 14. Nxe5 Bxe5
15. dxe5 Ne7 16. Rac1 Rc8 17. f4 Bc6 18. Rfd1 Qe8 19. e4 Ba8 20. Qf2 Nc6 21.
Qh4 Qe7 22. Qxe7 Nxe7 23. Rf1 c5 24. f5 Rfd8 25. Bb1 Rd2 26. Bc3 Re2 27. Rce1
Rxe1 28. Bxe1 Rd8 29. Bh4 Rd7 30. fxg6 hxg6 31. Bc2 Kf8 32. Rf6 Nc6 33. Bg3 Nd4
34. Rf2 c4 35. bxc4 bxc4 36. Bf4 Nxc2 37. Rxc2 Rd4 38. Re2 Bxe4 39. Rb2 Bd3 40.
Be3 Re4 41. Bc5+ Kg7 42. Bd6 Re2 43. Rb6 c3 44. Rb3 c2 45. Rc3 Re1+ 0-1

[Event "July TNT"]
[Site "Winnipeg CAN"]
[Date "2002.07.09"]
[Round "2"]
[White "Hogeveen Rutter, Alexander"]
[Black "Schulz, Waldemar"]
[Result "0-1"]
[WhiteElo "1416"]
[BlackElo "2086"]
[PlyCount "54"]
[EventDate "2002.07.02"]
[EventType "swiss"]
[EventRounds "4"]
[EventCountry "CAN"]

1. e4 c5 2. Nf3 e6 3. Nc3 Nc6 4. Bc4 a6 5. O-O b5 6. Be2 Qc7 7. d4 cxd4 8. Nxd4
Nf6 9. Bf3 Bb7 10. Re1 b4 11. Nce2 Bd6 12. h3 Ne5 13. Ng3 Nxf3+ 14. Qxf3 O-O
15. Bg5 Be5 16. Bxf6 Bxf6 17. c3 bxc3 18. bxc3 Rfc8 19. Rec1 Rab8 20. Nh5 Be7
21. Qg4 g6 22. Ng3 Qa5 23. c4 Bf6 24. Nge2 Qc5 25. Nb3 Qb4 26. Rab1 Rxc4 27.
Nd2 Rxc1+ 0-1